Everymen's united nations 1945 (Record no. 1445259)

MARC details
000 -LEADER
fixed length control field 00576nam a2200205Ia 4500
005 - DATE AND TIME OF LATEST TRANSACTION
control field 20250923144938.0
008 - FIXED-LENGTH DATA ELEMENTS--GENERAL INFORMATION
fixed length control field 008 250917s9999 xx 000 0 eng d
037 ## - SOURCE OF ACQUISITION
Stock number Textual
040 ## - CATALOGING SOURCE
Original cataloging agency DSWL
Language of cataloging eng
Transcribing agency DSWL
041 ## - LANGUAGE CODE
Language code of text/sound track or separate title eng
Source of code eng
084 ## - COLON CLASSIFICATION NUMBER
Classification number VibN45uN5, K4
Assigning agency DSWL
245 #0 - TITLE STATEMENT
Title Everymen's united nations 1945
Statement of responsibility, etc. by United Nations
250 ## - EDITION STATEMENT
Edition statement 7th
260 ## - PUBLICATION, DISTRIBUTION, ETC.
Place of publication, distribution, etc. New York
Name of publisher, distributor, etc. Office of the Public Information U.N.
Date of publication, distribution, etc. 1964
300 ## - PHYSICAL DESCRIPTION
Extent X,638 p.
365 ## - TRADE PRICE
Price type code USD
Price amount 5
925 ## -
-- 5
942 ## - ADDED ENTRY ELEMENTS (KOHA)
Koha item type Textual
Classification part VibN45uN5, K4
Holdings
Withdrawn status Lost status Damaged status Not for loan Home library Current library Date acquired Source of acquisition Inventory number Total Checkouts Full call number Barcode Date last seen Price effective from Koha item type
        Department of Social Work Library Department of Social Work Library 2025-09-23 Atma Ram & Sons S/3978/64   VibN45uN5, K4 SW0010379 2025-09-23 2025-09-23 Textual
Copyright @ Delhi University Library System